Statistiken für Alle Länderflaggen der Welt

Klicken Sie hier um das Quiz zu spielen!

Allgemein

  • Dieses Quiz wurde 14.382 mal gespielt
  • Das Durchschnittsergebnis liegt bei 117 aus 196

Antwortstatistiken

Antwort% Korrekt
Deutschland
99%
Vereinigte Staaten
99%
Vereinigtes Königreich
99%
Kanada
99%
Italien
98%
Belgien
98%
Frankreich
98%
Russland
96%
Japan
95%
Irland
94%
Brasilien
94%
Niederlande
94%
Südkorea
94%
Schweden
94%
Schweiz
93%
Norwegen
93%
Finnland
93%
Griechenland
93%
China
91%
Israel
91%
Türkei
91%
Australien
91%
Spanien
90%
Dänemark
90%
Neuseeland
89%
Polen
88%
Albanien
88%
Island
88%
Österreich
88%
Zypern
87%
Indien
85%
Südafrika
85%
Argentinien
85%
Mexiko
84%
Jamaika
84%
Saudi-Arabien
83%
Kroatien
82%
Vatikanstadt
80%
Portugal
80%
Georgien
80%
Tschechien
79%
Bulgarien
79%
Ungarn
78%
Kosovo
76%
Nepal
76%
Uruguay
76%
Nordmazedonien
76%
Vietnam
75%
Slowakei
75%
Elfenbeinküste
74%
Estland
74%
Malta
74%
Libanon
74%
Ägypten
74%
Bosnien und Herzegowina
73%
Nordkorea
73%
Tunesien
72%
Slowenien
72%
Rumänien
71%
Iran
71%
Algerien
71%
Irak
70%
Chile
69%
San Marino
69%
Serbien
69%
Venezuela
68%
Ukraine
68%
Luxemburg
68%
Kenia
68%
Panama
67%
Pakistan
67%
Lettland
67%
Bhutan
66%
Malaysia
66%
Nigeria
65%
Peru
65%
Bangladesch
65%
Weißrussland
64%
Monaco
64%
Thailand
64%
Kolumbien
64%
Syrien
64%
Marokko
63%
Liechtenstein
63%
Kasachstan
63%
Kamerun
63%
Indonesien
63%
Kuba
62%
Aserbaidschan
60%
Singapur
60%
Honduras
59%
Katar
58%
Angola
58%
Barbados
57%
Kambodscha
57%
Dominikanische Republik
56%
Ecuador
56%
Afghanistan
56%
Sri Lanka
55%
Costa Rica
55%
Philippinen
54%
Andorra
54%
Montenegro
53%
Litauen
53%
Bahrain
53%
Usbekistan
52%
Taiwan
52%
Trinidad und Tobago
52%
Ghana
52%
Paraguay
51%
Papua-Neuguinea
51%
Armenien
51%
Moldawien
51%
Seychellen
51%
Uganda
50%
Demokratische Republik Kongo
49%
Jemen
49%
Vereinigte Arabische Emirate
49%
Palau
49%
Madagaskar
49%
Turkmenistan
49%
Niger
48%
Mongolei
48%
Kuwait
48%
Eswatini
48%
Liberia
48%
Fidschi
47%
Laos
47%
Tonga
47%
Senegal
47%
Somalia
46%
Burkina Faso
46%
Brunei
46%
Jordanien
45%
Gabun
45%
Nicaragua
45%
Äthiopien
45%
Oman
45%
Libyen
45%
Bahamas
44%
Birma
44%
El Salvador
44%
Mauretanien
43%
Kiribati
43%
Haiti
43%
Tansania
43%
Malediven
43%
Antigua und Barbuda
43%
Kirgisistan
42%
Botswana
42%
Tschad
42%
Mosambik
42%
Malawi
42%
Togo
41%
Belize
41%
Tadschikistan
40%
Guatemala
40%
Namibia
39%
Marshallinseln
39%
Föderierte Staaten von Mikronesien
39%
Eritrea
39%
Komoren
39%
Lesotho
38%
Simbabwe
38%
Kap Verde
38%
Südsudan
38%
Sudan
38%
Burundi
38%
Zentralafrikanische Republik
38%
Nauru
37%
St. Lucia
37%
Mali
37%
Guyana
36%
Dominica
36%
Republik Kongo
36%
Osttimor
36%
Mauritius
35%
Sambia
35%
Benin
35%
Ruanda
35%
Tuvalu
35%
St. Vincent und die Grenadinen
34%
Grenada
34%
Suriname
34%
Äquatorial-Guinea
34%
Samoa
34%
Dschibuti
34%
Sierra Leone
34%
Bolivien
33%
Guinea
33%
Vanuatu
33%
St. Kitts und Nevis
32%
São Tomé und Príncipe
31%
Guinea-Bissau
30%
Gambia
30%
Salomonen
27%

Verteilung der Resultate

Perzentil nach korrekt beantworteten Fragen

Anzahl Personen mit jedem Resultat

Ihre Resultats-Entwicklung

Sie haben dieses Quiz noch nicht gespielt